BIBLIOTECA PODER JUDICIAL
Portal Judicial TDF

Compensación por pena ilícita / (Registro nro. 6447)

000 -LEADER
fixed length control field 01461nab a22002417a 4500
003 - CONTROL NUMBER IDENTIFIER
control field OSt
005 - DATE AND TIME OF LATEST TRANSACTION
control field 20260204104406.0
008 - FIXED-LENGTH DATA ELEMENTS--GENERAL INFORMATION
fixed length control field 190429b xxu||||| |||| 00| 0 spa d
040 ## - CATALOGING SOURCE
Transcribing agency PJ
100 ## - MAIN ENTRY--PERSONAL NAME
Personal name Arias, Florencia Carla
9 (RLIN) 7072
245 10 - TITLE STATEMENT
Title Compensación por pena ilícita /
Statement of responsibility, etc Florencia Carla Arias, Georgina Daiana Losco
260 ## - PUBLICATION, DISTRIBUTION, ETC. (IMPRINT)
Date of publication, distribution, etc Ciudad Autónoma de Buenos Aires :
Place of publication, distribution, etc Thomson Reuters La Ley,
Name of publisher, distributor, etc 2024.
300 ## - PHYSICAL DESCRIPTION
Extent p. 3-15
500 ## - GENERAL NOTE
General note Cita Online: AR/DOC/154/2024.
505 ## - FORMATTED CONTENTS NOTE
Formatted contents note Sumario: I. Situaciones que podrían configurar penas ilícitas en contextos de encierro.— II. Posibles soluciones.— III. Casos de la Corte Interamericana de Derechos Humanos.— IV. Jurisprudencia de la Corte Suprema de Justicia de la Nación sobre responsabilidad del estado por hechos ocurridos en contextos de encierro.— V. Cámara Nacional de Casación en lo Criminal y Correccional.— VI. Juzgado de Ejecución Penal.— VII. Tribunal Oral en lo Criminal y Correccional de Capital Federal.— VIII. Consideraciones finales.<br/>
505 ## - FORMATTED CONTENTS NOTE
Title Si te interesa el texto completo, solicitalo a koha@justierradelfuego.gov.ar
650 #0 - SUBJECT ADDED ENTRY--TOPICAL TERM
9 (RLIN) 343
Topical term or geographic name as entry element DERECHO PENAL
650 #0 - SUBJECT ADDED ENTRY--TOPICAL TERM
9 (RLIN) 2208
Topical term or geographic name as entry element PENA PRIVATIVA DE LA LIBERTAD
650 #0 - SUBJECT ADDED ENTRY--TOPICAL TERM
9 (RLIN) 193
Topical term or geographic name as entry element PENA
700 ## - ADDED ENTRY--PERSONAL NAME
9 (RLIN) 7073
Personal name Losco, Georgina Daiana
773 0# - HOST ITEM ENTRY
Host Biblionumber 2658
Host Itemnumber 3164
Title Revista de derecho penal y criminología. Nº 2 - Marzo 2024
Place, publisher, and date of publication Ciudad Autónoma de Buenos Aires : Thomson Reuters La Ley, 2017-
International Standard Serial Number 00347914
942 ## - ADDED ENTRY ELEMENTS (KOHA)
Source of classification or shelving scheme
Koha item type Analítica Artículo de Revista

No hay ítems disponibles.

12 de Octubre 789 Ushuaia - Tel:  54(02901)441571
Horario de Atención: 8.00 a 17.00 hs. 
bibliotecaush@justierradelfuego.gov.ar
koha@justierradelfuego.gov.ar
Seguinos en nuestras redes @bibliojustdf 

Con tecnología Koha